Japan (Record no. 363758)

000 -LEADER
fixed length control field 00317cam a22001337a 4500
008 - FIXED-LENGTH DATA ELEMENTS--GENERAL INFORMATION
fixed length control field 180718b1961 xxu||||| |||| 00| 0 eng d
082 ## - DEWEY DECIMAL CLASSIFICATION NUMBER
Classification number A6x52 D415
100 ## - MAIN ENTRY--PERSONAL NAME
Personal name Dening, Esler
245 ## - TITLE STATEMENT
Title Japan
Statement of responsibility, etc. by Esler Dening
260 ## - PUBLICATION, DISTRIBUTION, ETC.
Place of publication, distribution, etc. N.Y.
Name of publisher, distributor, etc. Praeger
Date of publication, distribution, etc. 1961
300 ## - PHYSICAL DESCRIPTION
Extent 263p.
500 ## - GENERAL NOTE
General note $1.85
650 ## - SUBJECT ADDED ENTRY--TOPICAL TERM
Topical term or geographic name entry element Japan - History
Holdings
Withdrawn status Lost status Damaged status Not for loan Permanent Location Current Location Date acquired Full call number Barcode Date last seen Price effective from Koha item type
        Indian Institute of Public Administration Indian Institute of Public Administration 1994-04-05 A6x52 D415 29924 2018-07-21 2018-07-21 Book

Powered by Koha